[Event "Rasht Khazar op 18th"]
[Site "Rasht"]
[Date "2020.02.13"]
[Round "1"]
[White "Babujian, Levon"]
[Black "Alaei, Armin"]
[Result "1-0"]
[WhiteElo "2487"]
[BlackElo "1868"]
[PlyCount "91"]
[EventDate "2020.02.13"]
[EventType "swiss"]
[EventRounds "9"]
[EventCountry "IRI"]
[SourceTitle "CBM 195 Extra"]
[Source "ChessBase"]
[SourceDate "2020.05.31"]
[SourceVersion "1"]
[SourceVersionDate "2020.05.31"]
[SourceQuality "1"]

1. d4 Nf6 2. c4 g6 3. Nc3 Bg7 4. e4 d6 5. Nf3 0-0 6. h3 e5 7. d5 a5 8. g4 Na6 9. Bg5 Qe8 10. Nd2 Bd7 11. Qf3 Qe7 12. Qe3 Rfc8 13. Be2 Qf8 14. Qf3 Ne8 15. h4 c6 16. h5 h6 17. Be3 g5 18. 0-0 Nf6 19. Qg2 cxd5 20. exd5 Nc5 21. Rfe1 a4 22. Bxc5 Rxc5 23. Nde4 Nxe4 24. Nxe4 Rcc8 25. Rac1 Qe7 26. Bd3 f5 27. gxf5 Bxf5 28. Re3 Rf8 29. c5 dxc5 30. d6 Qd7 31. Rxc5 Rac8 32. Bb5 Qd8 33. d7 Rxc5 34. Nxc5 Qb6 35. Qd5+ Kh8 36. Nxb7 Bf6 37. Qd6 Qxd6 38. Nxd6 Bg4 39. Rc3 Bxd7 40. Bxd7 e4 41. Rc8 Rxc8 42. Nxc8 Bxb2 43. Bxa4 Ba3 44. Bc6 Kg7 45. Bxe4 Kf6 46. Nb6 1-0